000 00207nam a22000857a 4500
008 170215b xxu||||| |||| 00| 0 eng d
100 _92881
_aPaul.G.
245 _aQues for the Best-VIII
260 _aNew Delhi
_c2014
999 _c6108
_d6108